[Event "DVM U12 2018"]
[Site "Magdeburg GER"]
[Date "2018.12.28"]
[Round "3"]
[White "Kiefhaber, Julius"]
[Black "Andrei, Quentin"]
[Result "0-1"]
[Termination "normal"]
[Board "9.2"]
[WhiteElo "1417"]
[BlackElo "1219"]
[WhiteTeam "Karlsruher SF"]
[BlackTeam "SK Bebenhausen"]
[PlyCount "122"]
[WhiteFideId "16245121"]
[BlackFideId "16255712"]
[EventCountry "GER"]
[EventRounds "7"]
[EventType "team-swiss"]
[EventDate "2018.12.26"]

1. e4 e6 2. d4 d5 3. exd5 exd5 4. Nf3 Bd6 5. Bd3 Nf6 6. O-O O-O 7. Re1 Bg4 8.
c3 Nbd7 9. Nbd2 c6 10. Nf1 Re8 11. Rxe8+ Qxe8 12. h3 Bh5 13. Bd2 Nf8 14. Ng3
Bg6 15. Qc2 Bxd3 16. Qxd3 Qb8 17. Nf5 Bf4 18. Bxf4 Qxf4 19. Ne5 g6 20. Ne7+ Kg7
21. Re1 Ne4 22. Qe2 Qf6 23. f3 Nxc3 24. bxc3 Qxe7 25. f4 Re8 26. Kf1 f6 27. Nd3
Qxe2+ 28. Rxe2 Rxe2 29. Kxe2 Ne6 30. Ke3 b6 31. Nb4 Nd8 32. g4 a5 33. Na6 Kf7
34. Nc7 Ke7 35. Na8 b5 36. Nc7 Nb7 37. f5 gxf5 38. gxf5 Nd6 39. Kf4 Ne4 40. a4
bxa4 41. c4 Nc3 42. Ne6 a3 43. Nc5 a2 44. Nb3 Ne2+ 45. Ke3 Nc1 46. Na1 dxc4 47.
Nc2 Nb3 48. h4 a1=Q 49. Nxa1 Nxa1 50. Kd2 Kd6 51. Kc3 Kd5 52. h5 Nb3 53. h6
Nxd4 54. Kb2 Kc5 55. Kc3 a4 56. Kb2 Kb4 57. Kb1 c3 58. Kc1 Nxf5 59. Kb1 Kb3 60.
Ka1 a3 61. Kb1 c2+ 0-1

[Event "DVM U12 2018"]
[Site "Magdeburg GER"]
[Date "2018.12.28"]
[Round "3"]
[White "Weide, Julian"]
[Black "Liu, Leon"]
[Result "1-0"]
[Termination "normal"]
[Board "9.3"]
[WhiteElo "1301"]
[BlackElo "1095"]
[WhiteTeam "SK Bebenhausen"]
[BlackTeam "Karlsruher SF"]
[PlyCount "66"]
[WhiteFideId "16275209"]
[BlackFideId "16275047"]
[EventCountry "GER"]
[EventRounds "7"]
[EventType "team-swiss"]
[EventDate "2018.12.26"]

1. e4 e5 2. Nf3 Nc6 3. d4 d5 4. Nc3 Bg4 5. Bb5 Bb4 6. exd5 a6 7. dxc6 axb5 8.
cxb7 Rb8 9. Qe2 Qd5 10. Bd2 Bxc3 11. Bxc3 e4 12. h3 Bxf3 13. gxf3 Nf6 14. O-O-O
Rxb7 15. Kb1 O-O 16. f4 Ra8 17. a3 b4 18. Bxb4 Rxb4 19. axb4 Qa2+ 20. Kc1 Qa1+
21. Kd2 Qxb2 22. Qc4 h6 23. Rb1 Qa3 24. Rb3 Qa7 25. Rg1 Rd8 26. Ke3 Rxd4 27.
Qxd4 Qa2 28. Qxf6 g6 29. Ra1 Qxa1 30. Qxa1 Kh7 31. Ra3 g5 32. Qf6 h5 33. Ra8
gxf4+ 1-0

[Event "DVM U12 2018"]
[Site "Magdeburg GER"]
[Date "2018.12.28"]
[Round "3"]
[White "Hoffmann, Sophia"]
[Black "Logothetis, Feodor Konstantin"]
[Result "0-1"]
[Termination "normal"]
[Board "9.4"]
[WhiteElo "1077"]
[BlackElo "1140"]
[WhiteTeam "Karlsruher SF"]
[BlackTeam "SK Bebenhausen"]
[PlyCount "112"]
[WhiteFideId "16259130"]
[BlackFideId "16263464"]
[EventCountry "GER"]
[EventRounds "7"]
[EventType "team-swiss"]
[EventDate "2018.12.26"]

1. d4 d5 2. Bf4 c6 3. Nd2 Nf6 4. e3 Bf5 5. Ngf3 Nbd7 6. c4 Qa5 7. Qb3 b6 8. Be2
Ne4 9. Qd1 Ndf6 10. Ne5 Rc8 11. f3 Nxd2 12. Qxd2 Qxd2+ 13. Kxd2 e6 14. Rac1
Bb4+ 15. Kd1 O-O 16. h4 h5 17. g4 hxg4 18. fxg4 Ne4 19. Rf1 Bh7 20. g5 f6 21.
Nd3 Ba5 22. Rg1 fxg5 23. hxg5 Bg6 24. b4 dxc4 25. Ne5 Bxb4 26. Nxg6 Nf2+ 27.
Kc2 Rf5 28. Ne7+ Bxe7 29. Bxc4 Kf7 30. g6+ Kf6 31. Be5+ Rxe5 32. dxe5+ Kxe5 33.
Rgf1 Ng4 34. Rf4 Nxe3+ 35. Kd3 Kxf4 36. Rh1 Nxc4 37. Kxc4 b5+ 38. Kd3 Rd8+ 39.
Ke2 c5 40. Rh7 Bf6 41. Rh1 c4 42. Rb1 a6 43. Rf1+ Ke4 44. Rf2 c3 45. Kf1 c2 46.
Rxc2 a5 47. Rc5 Rb8 48. Ke2 Bd4 49. Rc7 b4 50. Kd2 a4 51. Kc2 b3+ 52. axb3
axb3+ 53. Kb1 b2 54. Re7 Kd3 55. Rxe6 Rc8 56. Re3+ Kxe3 0-1

[Event "DVM U12 2018"]
[Site "Magdeburg GER"]
[Date "2018.12.28"]
[Round "3"]
[White "Mainka, Ingmar"]
[Black "Hörhager-Celjo, Dino"]
[Result "0-1"]
[Termination "normal"]
[Board "10.1"]
[WhiteElo "1190"]
[BlackElo "1307"]
[WhiteTeam "DJK Arminia Eilendorf"]
[BlackTeam "Düsseldorfer SV"]
[PlyCount "52"]
[WhiteFideId "16254937"]
[BlackFideId "16253035"]
[EventCountry "GER"]
[EventRounds "7"]
[EventType "team-swiss"]
[EventDate "2018.12.26"]

1. e4 e6 2. d4 d5 3. exd5 exd5 4. Nf3 Nc6 5. Bd3 Bd6 6. Nc3 Nge7 7. Bg5 f6 8.
Be3 O-O 9. O-O Bg4 10. Be2 Qd7 11. Qd2 Ng6 12. h3 Bf5 13. Nxd5 Rfe8 14. Nf4
Nxf4 15. Bxf4 Bxf4 16. Bc4+ Kh8 17. Qxf4 Bxc2 18. Rfe1 Rad8 19. Qd2 Be4 20. d5
Bxf3 21. gxf3 Ne5 22. Qf4 Qxh3 23. Be2 Rxd5 24. Rad1 Rxd1 25. Bxd1 Nxf3+ 26.
Qxf3 Rxe1# 0-1

[Event "DVM U12 2018"]
[Site "Magdeburg GER"]
[Date "2018.12.28"]
[Round "3"]
[White "Voicu, Mihai"]
[Black "Korr, Sören"]
[Result "1/2-1/2"]
[Termination "normal"]
[Board "10.2"]
[WhiteElo "1274"]
[BlackElo "1143"]
[WhiteTeam "Düsseldorfer SV"]
[BlackTeam "DJK Arminia Eilendorf"]
[PlyCount "45"]
[WhiteFideId "16238168"]
[BlackFideId "16275241"]
[EventCountry "GER"]
[EventRounds "7"]
[EventType "team-swiss"]
[EventDate "2018.12.26"]

1. c4 e5 2. Nc3 Bb4 3. g3 Nf6 4. Bg2 d6 5. e3 Be6 6. Bxb7 Nbd7 7. Bxa8 Qxa8 8.
Qf3 e4 9. Qe2 Nc5 10. Nb5 Nd3+ 11. Kd1 Qb7 12. b3 a6 13. Nd4 c5 14. Nxe6 fxe6
15. Nh3 Nd7 16. Nf4 N7e5 17. Kc2 a5 18. a3 d5 19. cxd5 exd5 20. axb4 Nxb4+ 21.
Kb2 c4 22. Qh5+ Ng6 23. Ra3 1/2-1/2

[Event "DVM U12 2018"]
[Site "Magdeburg GER"]
[Date "2018.12.28"]
[Round "3"]
[White "Debets, Mario"]
[Black "Kovalenko, David"]
[Result "0-1"]
[Termination "normal"]
[Board "10.3"]
[WhiteElo "1000"]
[BlackElo "1246"]
[WhiteTeam "DJK Arminia Eilendorf"]
[BlackTeam "Düsseldorfer SV"]
[PlyCount "72"]
[WhiteFideId "16275250"]
[BlackFideId "16275160"]
[EventCountry "GER"]
[EventRounds "7"]
[EventType "team-swiss"]
[EventDate "2018.12.26"]

1. e4 c5 2. Nf3 e6 3. Bb5 a6 4. Ba4 b5 5. Bb3 c4 6. Bxc4 bxc4 7. d4 cxd3 8.
cxd3 Nc6 9. Nc3 Bb7 10. O-O Qc7 11. Be3 Nf6 12. Rc1 Be7 13. d4 d6 14. Qd3 O-O
15. Rc2 Nb4 16. Ne2 Nxc2 17. Rc1 Bxe4 18. Qd2 Rfc8 19. Ne1 Rab8 20. b3 d5 21.
f3 Bb4 22. Qd1 Ba3 23. fxe4 Bxc1 24. Qxc1 Nxe3 25. Qxe3 Nxe4 26. Nd3 Qc2 27.
Nec1 Qd1+ 28. Ne1 Rxc1 29. h3 Qxe1+ 30. Qxe1 Rxe1+ 31. Kh2 Re2 32. Kg1 Rxa2 33.
Kh2 Rxb3 34. Kg1 Rbb2 35. Kh2 Rxg2+ 36. Kh1 Ng3# 0-1

[Event "DVM U12 2018"]
[Site "Magdeburg GER"]
[Date "2018.12.28"]
[Round "4"]
[White "Wiedersich, Hendryk"]
[Black "Huo, Da"]
[Result "0-1"]
[Termination "normal"]
[Board "1.2"]
[WhiteElo "1509"]
[BlackElo "1661"]
[WhiteClock "00:43:19"]
[BlackClock "00:45:28"]
[WhiteTeam "SV Dresden-Leuben"]
[BlackTeam "Hamburger SK"]
[PlyCount "72"]
[WhiteFideId "16255399"]
[BlackFideId "16221206"]
[EventCountry "GER"]
[EventRounds "7"]
[EventType "team-swiss"]
[EventDate "2018.12.26"]

1. d4 {[%clk 1:30:57]} Nf6 {[%clk 1:30:54]} 2. Nc3 {[%clk 1:31:17]} d5 {[%clk
1:31:15]} 3. Bg5 {[%clk 1:31:35]} c5 {[%clk 1:31:35]} 4. e3 {[%clk 1:28:20]}
Nc6 {[%clk 1:29:47]} 5. Bb5 {[%clk 1:24:24]} e6 {[%clk 1:27:10]} 6. Nf3 {[%clk
1:21:14]} Bd7 {[%clk 1:23:16]} 7. O-O {[%clk 1:20:16]} Be7 {[%clk 1:20:25]} 8.
Re1 {[%clk 1:15:16]} a6 {[%clk 1:19:07]} 9. Bf1 {[%clk 1:10:34]} Ne4 {[%clk
1:07:51]} 10. Nxe4 {[%clk 1:05:03]} dxe4 {[%clk 1:05:56]} 11. Bxe7 {[%clk
1:05:08]} Qxe7 {[%clk 1:06:19]} 12. Ne5 {[%clk 1:01:42]} Nxe5 {[%clk 1:05:24]}
13. dxe5 {[%clk 1:02:02]} O-O {[%clk 1:04:43]} 14. Qd6 {[%clk 0:55:42]} Qxd6
{[%clk 1:01:01]} 15. exd6 {[%clk 0:55:57]} Bc6 {[%clk 0:59:36]} 16. Be2 {[%clk
0:51:14]} Rfd8 {[%clk 0:58:38]} 17. Red1 {[%clk 0:51:24]} Rd7 {[%clk 0:58:41]}
18. Rd2 {[%clk 0:51:23]} Rad8 {[%clk 0:58:40]} 19. Rad1 {[%clk 0:50:53]} g6
{[%clk 0:56:30]} 20. f3 {[%clk 0:49:57]} f6 {[%clk 0:49:40]} 21. Kf2 {[%clk
0:47:59]} Bd5 {[%clk 0:47:12]} 22. c4 {[%clk 0:47:18]} Bc6 {[%clk 0:47:03]} 23.
f4 {[%clk 0:43:41]} f5 {[%clk 0:45:28]} 24. g4 {[%clk 0:43:19]} Kf7 25. h4 e5
26. gxf5 gxf5 27. Bf1 exf4 28. exf4 Rg8 29. Bh3 e3+ 30. Kxe3 Rg3+ 31. Kf2 Rxh3
32. Re2 Be4 33. Re3 Rxh4 34. Rb3 Rxf4+ 35. Kg3 Rg4+ 36. Kh3 Rg6 0-1

[Event "DVM U12 2018"]
[Site "Magdeburg GER"]
[Date "2018.12.28"]
[Round "4"]
[White "Genov, Valentin"]
[Black "Hentschel, Lena"]
[Result "0-1"]
[Termination "normal"]
[Board "1.3"]
[WhiteTitle "CM"]
[WhiteElo "1743"]
[BlackElo "1539"]
[WhiteClock "00:58:29"]
[BlackClock "00:29:58"]
[WhiteTeam "Hamburger SK"]
[BlackTeam "SV Dresden-Leuben"]
[PlyCount "48"]
[WhiteFideId "2919745"]
[BlackFideId "16240324"]
[EventCountry "GER"]
[EventRounds "7"]
[EventType "team-swiss"]
[EventDate "2018.12.26"]

1. d4 {[%clk 1:30:56]} g6 {[%clk 1:30:42]} 2. c4 {[%clk 1:31:14]} d6 {[%clk
1:30:38]} 3. Nc3 {[%clk 1:31:30]} Bg7 {[%clk 1:30:37]} 4. e4 {[%clk 1:31:50]}
e5 {[%clk 1:29:16]} 5. Nge2 {[%clk 1:30:54]} Ne7 {[%clk 1:25:07]} 6. f3 {[%clk
1:29:50]} O-O {[%clk 1:24:26]} 7. Be3 {[%clk 1:21:01]} Nd7 {[%clk 1:15:58]} 8.
Qd2 {[%clk 1:17:24]} f5 {[%clk 1:11:22]} 9. dxe5 {[%clk 1:15:11]} Nxe5 {[%clk
1:07:08]} 10. Nd4 {[%clk 1:11:14]} N5c6 {[%clk 0:53:43]} 11. Be2 {[%clk
1:03:49]} Bd7 {[%clk 0:48:04]} 12. O-O {[%clk 1:01:55]} Nxd4 {[%clk 0:42:11]}
13. Bxd4 {[%clk 1:01:53]} Bxd4+ {[%clk 0:42:27]} 14. Qxd4 {[%clk 1:02:19]} Nc6
{[%clk 0:42:34]} 15. Qd2 {[%clk 1:02:02]} Rc8 {[%clk 0:36:55]} 16. Rfd1 {[%clk
0:59:52]} Be6 {[%clk 0:36:06]} 17. Rac1 {[%clk 0:58:29]} Qe8 {[%clk 0:29:58]}
18. b3 Qf7 19. Bd3 Ne5 20. exf5 Bxf5 21. Bxf5 Qxf5 22. Qd5+ Kh8 23. Qxb7 Nd3
24. Rb1 Qc5+ 0-1

[Event "DVM U12 2018"]
[Site "Magdeburg GER"]
[Date "2018.12.28"]
[Round "4"]
[White "Bregulla, Paul"]
[Black "Fuhrmann, Bahne"]
[Result "0-1"]
[Termination "normal"]
[Board "1.4"]
[WhiteElo "1539"]
[BlackElo "1584"]
[WhiteClock "00:29:11"]
[BlackClock "00:56:35"]
[WhiteTeam "SV Dresden-Leuben"]
[BlackTeam "Hamburger SK"]
[PlyCount "76"]
[WhiteFideId "16259564"]
[BlackFideId "16244842"]
[EventCountry "GER"]
[EventRounds "7"]
[EventType "team-swiss"]
[EventDate "2018.12.26"]

1. d4 {[%clk 1:30:59]} Nf6 {[%clk 1:30:48]} 2. Bf4 {[%clk 1:31:21]} d5 {[%clk
1:31:11]} 3. Nf3 {[%clk 1:31:44]} e6 {[%clk 1:31:07]} 4. e3 {[%clk 1:31:59]}
Bd6 {[%clk 1:31:03]} 5. Bg3 {[%clk 1:32:19]} O-O {[%clk 1:31:00]} 6. c4 {[%clk
1:31:12]} b6 {[%clk 1:29:07]} 7. Nbd2 {[%clk 1:29:14]} Ba6 {[%clk 1:26:45]} 8.
Rc1 {[%clk 1:25:02]} Qe7 {[%clk 1:21:51]} 9. Bd3 {[%clk 1:22:37]} c5 {[%clk
1:18:17]} 10. O-O {[%clk 1:20:49]} Nc6 {[%clk 1:16:42]} 11. Nb3 {[%clk
1:17:09]} Nb4 {[%clk 1:15:30]} 12. Be2 {[%clk 1:06:38]} Nxa2 {[%clk 1:14:48]}
13. Rc2 {[%clk 1:04:31]} Nb4 {[%clk 1:14:06]} 14. Rc1 {[%clk 1:04:30]} Rac8
{[%clk 1:12:00]} 15. cxd5 {[%clk 1:00:47]} Bxe2 {[%clk 1:11:41]} 16. Qxe2
{[%clk 1:00:54]} exd5 {[%clk 1:11:16]} 17. Qb5 {[%clk 0:48:22]} c4 {[%clk
1:09:18]} 18. Nbd2 {[%clk 0:37:11]} Nd3 {[%clk 1:08:08]} 19. Ra1 {[%clk
0:32:33]} Bb4 {[%clk 1:04:27]} 20. b3 {[%clk 0:29:11]} Nb2 {[%clk 0:56:35]} 21.
Rab1 c3 22. Ne5 c2 23. Nef3 cxb1=Q 24. Rxb1 Bxd2 25. Nxd2 Rc2 26. Nf3 Rfc8 27.
Re1 Rc1 28. Qf1 Rxe1 29. Nxe1 Rc1 30. h3 Qb4 31. f3 Qxb3 32. Bf2 Nd3 33. Kh2
Nxe1 34. Bxe1 Qxe3 35. Bf2 Qf4+ 36. Bg3 Qxg3+ 37. Kxg3 Rxf1 38. Kf4 Re1 0-1

[Event "DVM U12 2018"]
[Site "Magdeburg GER"]
[Date "2018.12.28"]
[Round "4"]
[White "Bolz, Jannis"]
[Black "Gutewort, Paul Emil"]
[Result "0-1"]
[Termination "normal"]
[Board "2.1"]
[WhiteElo "1447"]
[BlackElo "1635"]
[WhiteClock "00:56:44"]
[BlackClock "01:14:46"]
[WhiteTeam "DJK Aufwärts St. Josef Aachen"]
[BlackTeam "SF Nordost Berlin"]
[PlyCount "38"]
[WhiteFideId "16214897"]
[BlackFideId "16204182"]
[EventCountry "GER"]
[EventRounds "7"]
[EventType "team-swiss"]
[EventDate "2018.12.26"]

1. e4 {[%clk 1:30:52]} c5 {[%clk 1:30:26]} 2. d4 {[%clk 1:31:06]} cxd4 {[%clk
1:30:17]} 3. c3 {[%clk 1:31:15]} g6 {[%clk 1:30:13]} 4. cxd4 {[%clk 1:31:25]}
d5 {[%clk 1:30:16]} 5. exd5 {[%clk 1:31:17]} Nf6 {[%clk 1:30:30]} 6. Nc3 {[%clk
1:30:30]} Bg7 {[%clk 1:30:24]} 7. Bf4 {[%clk 1:29:46]} O-O {[%clk 1:28:09]} 8.
d6 {[%clk 1:29:12]} exd6 {[%clk 1:28:21]} 9. d5 {[%clk 1:28:55]} Re8+ {[%clk
1:23:14]} 10. Be2 {[%clk 1:29:16]} Bg4 {[%clk 1:23:17]} 11. h3 {[%clk 1:29:23]}
Bf5 {[%clk 1:22:53]} 12. Nf3 {[%clk 1:29:25]} Na6 {[%clk 1:19:35]} 13. O-O
{[%clk 1:29:34]} Nc7 {[%clk 1:19:18]} 14. Bb5 {[%clk 1:24:06]} Re7 {[%clk
1:17:43]} 15. Nd4 {[%clk 1:22:42]} Be4 {[%clk 1:17:21]} 16. Nxe4 {[%clk
1:16:11]} Rxe4 {[%clk 1:17:37]} 17. Be3 {[%clk 1:09:26]} Nfxd5 {[%clk 1:17:30]}
18. Re1 {[%clk 0:59:18]} Bxd4 {[%clk 1:15:42]} 19. Bd3 {[%clk 0:56:44]} Nxe3
{[%clk 1:14:46]} 0-1

[Event "DVM U12 2018"]
[Site "Magdeburg GER"]
[Date "2018.12.28"]
[Round "4"]
[White "Reichmann, Felix"]
[Black "Baltic, Sara"]
[Result "1-0"]
[Termination "normal"]
[Board "2.2"]
[WhiteElo "1640"]
[BlackElo "1529"]
[WhiteClock "00:11:13"]
[BlackClock "00:03:50"]
[WhiteTeam "SF Nordost Berlin"]
[BlackTeam "DJK Aufwärts St. Josef Aachen"]
[PlyCount "73"]
[WhiteFideId "16238290"]
[BlackFideId "16210409"]
[EventCountry "GER"]
[EventRounds "7"]
[EventType "team-swiss"]
[EventDate "2018.12.26"]

1. c4 {[%clk 1:30:59]} c5 {[%clk 1:30:59]} 2. g3 {[%clk 1:31:23]} g6 {[%clk
1:31:27]} 3. Bg2 {[%clk 1:31:50]} Bg7 {[%clk 1:31:52]} 4. Nc3 {[%clk 1:32:15]}
Nc6 {[%clk 1:32:20]} 5. e3 {[%clk 1:30:42]} Nh6 {[%clk 1:32:39]} 6. Nge2 {[%clk
1:31:03]} Nf5 {[%clk 1:31:44]} 7. O-O {[%clk 1:31:26]} O-O {[%clk 1:31:43]} 8.
b3 {[%clk 1:31:37]} a6 {[%clk 1:30:56]} 9. Bb2 {[%clk 1:30:59]} Rb8 {[%clk
1:30:37]} 10. Na4 {[%clk 1:30:50]} d6 {[%clk 1:20:49]} 11. Bxg7 {[%clk
1:30:37]} Kxg7 {[%clk 1:18:09]} 12. Nac3 {[%clk 1:30:46]} Bd7 {[%clk 1:17:30]}
13. d4 {[%clk 1:20:52]} cxd4 {[%clk 1:09:35]} 14. exd4 {[%clk 1:20:32]} Kg8
{[%clk 1:06:17]} 15. Rc1 {[%clk 1:19:25]} Ng7 {[%clk 0:58:16]} 16. h3 {[%clk
1:17:04]} Qc7 {[%clk 0:56:09]} 17. a4 {[%clk 1:06:40]} Qc8 {[%clk 0:49:25]} 18.
Kh2 {[%clk 1:03:30]} Nf5 {[%clk 0:48:13]} 19. Re1 {[%clk 1:00:54]} Re8 {[%clk
0:44:19]} 20. Nd5 {[%clk 0:33:39]} Qd8 {[%clk 0:34:32]} 21. g4 {[%clk 0:30:23]}
Ng7 {[%clk 0:29:16]} 22. Ndc3 {[%clk 0:27:33]} Qc7 {[%clk 0:24:42]} 23. Kg1
{[%clk 0:25:22]} h5 {[%clk 0:16:37]} 24. Nf4 {[%clk 0:21:19]} hxg4 {[%clk
0:15:45]} 25. hxg4 {[%clk 0:21:12]} Qd8 {[%clk 0:14:30]} 26. Ne4 {[%clk
0:15:32]} Qc8 {[%clk 0:11:17]} 27. Nd5 {[%clk 0:14:45]} Bxg4 {[%clk 0:09:53]}
28. Nef6+ {[%clk 0:13:24]} exf6 {[%clk 0:09:38]} 29. Nxf6+ {[%clk 0:13:49]} Kf8
{[%clk 0:09:42]} 30. Rxe8+ {[%clk 0:13:32]} Qxe8 {[%clk 0:09:57]} 31. Qxg4
{[%clk 0:13:09]} Qe7 {[%clk 0:06:02]} 32. Nd7+ {[%clk 0:12:49]} Kg8 {[%clk
0:04:53]} 33. Nxb8 {[%clk 0:13:12]} Nxb8 {[%clk 0:04:21]} 34. Qc8+ {[%clk
0:13:37]} Qf8 {[%clk 0:04:14]} 35. Qxf8+ {[%clk 0:13:55]} Kxf8 {[%clk 0:04:33]}
36. Bxb7 {[%clk 0:14:20]} Ne6 {[%clk 0:03:50]} 37. Rd1 {[%clk 0:11:13]} 1-0

[Event "DVM U12 2018"]
[Site "Magdeburg GER"]
[Date "2018.12.28"]
[Round "4"]
[White "Frecker, Bennit"]
[Black "Duduka, Artem"]
[Result "1-0"]
[Termination "normal"]
[Board "2.3"]
[WhiteElo "1295"]
[BlackElo "1589"]
[WhiteClock "00:59:47"]
[BlackClock "00:07:22"]
[WhiteTeam "DJK Aufwärts St. Josef Aachen"]
[BlackTeam "SF Nordost Berlin"]
[PlyCount "83"]
[WhiteFideId "16258444"]
[BlackFideId "14194805"]
[EventCountry "GER"]
[EventRounds "7"]
[EventType "team-swiss"]
[EventDate "2018.12.26"]

1. e4 {[%clk 1:30:58]} e5 {[%clk 1:30:20]} 2. Nf3 {[%clk 1:31:20]} Nc6 {[%clk
1:30:27]} 3. Bc4 {[%clk 1:31:43]} Nf6 {[%clk 1:30:25]} 4. Ng5 {[%clk 1:31:45]}
Bc5 {[%clk 1:30:11]} 5. Bxf7+ {[%clk 1:32:00]} Ke7 {[%clk 1:29:14]} 6. Bb3
{[%clk 1:32:18]} Rf8 {[%clk 1:25:20]} 7. O-O {[%clk 1:32:17]} h6 {[%clk
1:25:37]} 8. Nf3 {[%clk 1:31:41]} d6 {[%clk 1:25:57]} 9. Nc3 {[%clk 1:31:46]}
Bg4 {[%clk 1:25:56]} 10. d3 {[%clk 1:31:36]} Nd4 {[%clk 1:25:57]} 11. Re1
{[%clk 1:28:10]} Nxf3+ {[%clk 1:24:22]} 12. gxf3 {[%clk 1:28:20]} Bh3 {[%clk
1:24:46]} 13. Be3 {[%clk 1:27:19]} Qe8 {[%clk 1:23:55]} 14. Ne2 {[%clk
1:26:49]} Bxe3 {[%clk 1:23:44]} 15. fxe3 {[%clk 1:27:01]} Qg6+ {[%clk 1:23:38]}
16. Ng3 {[%clk 1:27:15]} h5 {[%clk 1:23:10]} 17. Kf2 {[%clk 1:27:06]} Ng4+
{[%clk 1:22:37]} 18. Ke2 {[%clk 1:26:56]} Nxh2 {[%clk 1:22:12]} 19. Rg1 {[%clk
1:26:19]} Qf6 {[%clk 1:20:53]} 20. Nf5+ {[%clk 1:24:49]} Bxf5 {[%clk 1:21:07]}
21. exf5 {[%clk 1:25:06]} Qxf5 {[%clk 1:17:41]} 22. Rxg7+ {[%clk 1:22:35]} Kd8
{[%clk 1:16:50]} 23. Kd2 {[%clk 1:20:07]} Nxf3+ {[%clk 1:15:08]} 24. Kc3 {[%clk
1:18:43]} Qf6 {[%clk 1:15:09]} 25. Rg8 {[%clk 1:17:09]} Rxg8 {[%clk 1:14:51]}
26. Bxg8 {[%clk 1:17:29]} e4+ {[%clk 1:15:13]} 27. Kb3 {[%clk 1:16:41]} exd3
{[%clk 1:10:33]} 28. Qxd3 {[%clk 1:15:06]} a5 {[%clk 1:01:43]} 29. a4 {[%clk
1:12:28]} Ne5 {[%clk 0:58:56]} 30. Qb5 {[%clk 1:10:41]} Ra6 {[%clk 0:56:24]}
31. Rf1 {[%clk 1:10:07]} Qg7 {[%clk 0:55:06]} 32. Qd5 {[%clk 1:09:55]} Rb6+
{[%clk 0:52:26]} 33. Kc3 {[%clk 1:07:49]} Nf7+ {[%clk 0:41:38]} 34. Kd2 {[%clk
1:06:48]} Qxg8 {[%clk 0:41:31]} 35. Rxf7 {[%clk 1:06:43]} Qg6 {[%clk 0:34:12]}
36. Rf8+ {[%clk 1:03:37]} Ke7 {[%clk 0:31:12]} 37. Rg8 {[%clk 1:03:20]} c6
{[%clk 0:15:00]} 38. Qc4 {[%clk 1:01:44]} Qf7 {[%clk 0:07:48]} 39. Qh4+ {[%clk
1:00:32]} Kd7 {[%clk 0:07:18]} 40. Qd8+ {[%clk 0:59:49]} Ke6 {[%clk 0:07:32]}
41. Re8+ {[%clk 0:59:48]} Kd5 {[%clk 0:07:22]} 42. Qg5+ {[%clk 0:59:47]} 1-0

[Event "DVM U12 2018"]
[Site "Magdeburg GER"]
[Date "2018.12.28"]
[Round "4"]
[White "Beck, Felix"]
[Black "Els, Henri"]
[Result "1-0"]
[Termination "normal"]
[Board "2.4"]
[WhiteElo "1414"]
[BlackElo "1323"]
[WhiteClock "00:41:02"]
[BlackClock "00:48:14"]
[WhiteTeam "SF Nordost Berlin"]
[BlackTeam "DJK Aufwärts St. Josef Aachen"]
[PlyCount "77"]
[WhiteFideId "16255364"]
[BlackFideId "251798"]
[EventCountry "GER"]
[EventRounds "7"]
[EventType "team-swiss"]
[EventDate "2018.12.26"]

1. c4 {[%clk 1:30:58]} b6 {[%clk 1:30:53]} 2. Nf3 {[%clk 1:25:40]} Bb7 {[%clk
1:29:35]} 3. e3 {[%clk 1:19:46]} Nf6 {[%clk 1:26:21]} 4. g3 {[%clk 1:18:43]} e5
{[%clk 1:25:04]} 5. Bg2 {[%clk 1:16:11]} d6 {[%clk 1:24:05]} 6. O-O {[%clk
1:16:01]} Be7 {[%clk 1:23:11]} 7. Nc3 {[%clk 1:15:56]} O-O {[%clk 1:23:23]} 8.
d4 {[%clk 1:13:44]} Nbd7 {[%clk 1:20:34]} 9. a3 {[%clk 1:11:22]} a6 {[%clk
1:17:54]} 10. b4 {[%clk 1:11:13]} c6 {[%clk 1:10:41]} 11. Bb2 {[%clk 1:09:39]}
b5 {[%clk 1:07:03]} 12. c5 {[%clk 1:08:50]} a5 {[%clk 1:06:30]} 13. dxe5 {[%clk
1:05:50]} Nxe5 {[%clk 1:05:50]} 14. Nxe5 {[%clk 1:05:51]} dxe5 {[%clk 1:05:48]}
15. Re1 {[%clk 0:57:11]} axb4 {[%clk 1:03:44]} 16. axb4 {[%clk 0:57:25]} Qxd1
{[%clk 1:03:10]} 17. Rexd1 {[%clk 0:57:40]} Rxa1 {[%clk 1:02:52]} 18. Rxa1
{[%clk 0:57:35]} Rb8 {[%clk 1:00:08]} 19. Ra7 {[%clk 0:52:03]} Bf8 {[%clk
0:54:48]} 20. Ne4 {[%clk 0:41:42]} Nd7 {[%clk 0:53:39]} 21. Bh3 {[%clk
0:41:02]} f6 {[%clk 0:48:14]} 22. Bxd7 Bc8 23. Bxc8 Rxc8 24. Kg2 h6 25. Rd7 h5
26. f4 exf4 27. gxf4 Re8 28. Kf3 Re6 29. f5 Re7 30. Rxe7 Bxe7 31. Ng3 h4 32.
Nh5 Kf7 33. Nf4 g5 34. fxg6+ Kg8 35. Kg4 Kg7 36. Kxh4 Kh6 37. Kg3 Kg7 38. h4
Bd8 39. Ne6+ 1-0

[Event "DVM U12 2018"]
[Site "Magdeburg GER"]
[Date "2018.12.28"]
[Round "4"]
[White "Ermitsch, Magnus"]
[Black "Bildat, Emilia"]
[Result "1-0"]
[Termination "normal"]
[Board "3.2"]
[WhiteElo "1627"]
[BlackElo "1634"]
[WhiteClock "01:01:57"]
[BlackClock "00:36:36"]
[WhiteTeam "SC Borussia Lichtenberg"]
[BlackTeam "SC Turm Lüneburg"]
[PlyCount "57"]
[WhiteFideId "16234464"]
[BlackFideId "16218140"]
[EventCountry "GER"]
[EventRounds "7"]
[EventType "team-swiss"]
[EventDate "2018.12.26"]

1. e4 {[%clk 1:30:21]} c5 {[%clk 1:30:43]} 2. Nf3 {[%clk 1:29:42]} Nc6 {[%clk
1:30:59]} 3. d4 {[%clk 1:28:59]} cxd4 {[%clk 1:31:20]} 4. Nxd4 {[%clk 1:28:53]}
g6 {[%clk 1:31:40]} 5. Nxc6 {[%clk 1:27:46]} bxc6 {[%clk 1:31:56]} 6. Qd4
{[%clk 1:26:58]} Nf6 {[%clk 1:28:58]} 7. e5 {[%clk 1:25:33]} Nd5 {[%clk
1:27:22]} 8. Nc3 {[%clk 1:24:05]} Nxc3 {[%clk 1:25:12]} 9. e6 {[%clk 1:22:55]}
f6 {[%clk 1:23:34]} 10. exd7+ {[%clk 1:20:41]} Bxd7 {[%clk 1:21:05]} 11. Qxc3
{[%clk 1:20:57]} Bg7 {[%clk 1:20:27]} 12. Bc4 {[%clk 1:19:31]} e6 {[%clk
1:19:12]} 13. O-O {[%clk 1:18:36]} O-O {[%clk 1:17:58]} 14. Bf4 {[%clk
1:16:25]} Kh8 {[%clk 1:16:51]} 15. Rad1 {[%clk 1:15:32]} e5 {[%clk 1:14:04]}
16. Be6 {[%clk 1:14:19]} exf4 {[%clk 1:12:12]} 17. Rxd7 {[%clk 1:12:07]} Qb6
{[%clk 1:10:39]} 18. Rfd1 {[%clk 1:11:45]} Rad8 {[%clk 1:08:32]} 19. Qd3 {[%clk
1:09:15]} Rxd7 {[%clk 1:07:45]} 20. Qxd7 {[%clk 1:09:43]} Qxb2 {[%clk 1:00:51]}
21. Qxc6 {[%clk 1:09:56]} Qb6 {[%clk 0:59:55]} 22. Qd5 {[%clk 1:09:18]} Qb2
{[%clk 0:55:10]} 23. c4 {[%clk 1:08:42]} Qxa2 {[%clk 0:53:31]} 24. Qd6 {[%clk
1:07:41]} Qc2 {[%clk 0:50:37]} 25. c5 {[%clk 1:06:26]} f5 {[%clk 0:48:49]} 26.
c6 {[%clk 1:05:54]} h6 {[%clk 0:40:09]} 27. c7 {[%clk 1:03:01]} Kh7 {[%clk
0:39:10]} 28. Qd8 {[%clk 1:02:22]} Bf6 {[%clk 0:36:36]} 29. c8=Q {[%clk
1:01:57]} 1-0